| 000 | 01172cam a22001934a 4500 | ||
|---|---|---|---|
| 005 | 20250605164033.0 | ||
| 008 | 250528s ||||||||||||||||||||||||d | ||
| 035 | _a16719 | ||
| 040 |
_aGR-AtMCL _bgre _dGR-AtMCL _eAACR2 |
||
| 245 | 1 | _aΚορινθιάκη Παρένθεση / Διηγήματα | |
| 260 |
_bΚαραναση, _c1988 |
||
| 300 | _a208 | ||
| 505 | 0 | _aΠρόλογος, Ο Ξένιος Δίας, Το Θαύμα, Δίψα, Η Φαγούρα, Το Βάρος, Επινίκια, Η Φτερωτή, Το Δώρο της Αρραβωνιαστικιάς, Σουλιώτης, Η Αύξηση, Η Κουμπάρα, Ο Καιρός, Τα Κουδούνια, Χωριό με Λίγα Σπίτια. | |
| 520 | _aΠρόλογος, Ο Ξένιος Δίας, Το Θαύμα, Δίψα, Η Φαγούρα, Το Βάρος, Επινίκια, Η Φτερωτή, Το Δώρο της Αρραβωνιαστικιάς, Σουλιώτης, Η Αύξηση, Η Κουμπάρα, Ο Καιρός, Τα Κουδούνια, Χωριό με Λίγα Σπίτια. | ||
| 700 | 1 |
_aΒλαχογιάννης Ντίνος _92810 |
|
| 942 | _cBK | ||
| 999 |
_c2192 _d2192 |
||